| 000 | 00449nam a22001337a 4500 | ||
|---|---|---|---|
| 008 | 090204t xxu||||| |||| 00| 0 eng d | ||
| 245 | _aSoaps, detergents and toiletries review | ||
| 260 |
_aMumbai _bRoshanlal Wadhera _c2008- |
||
| 300 |
_av. _c26 cm |
||
| 310 | _amonthly | ||
| 270 |
_a232, Dr. D N Road, _bMumbai _e400001 _k22615378 |
||
| 942 |
_2ddc _cSR _s1 |
||
| 999 |
_c23027 _d23027 |
||